000 00319nam a22001337a 4500
008 171023b xxu||||| |||| 00| 0 eng d
020 _a9780256180756
041 _aeng
080 _a338
100 _a54
101 _aMEN
245 _aQULITY MANAGEMENT TOOLS AND METHODS IMPROVEMENT
_cGIDOW.H
942 _2udc
_cBK
999 _c35399
_d35399